|
|
|
|
| LEADER |
01392nam a2200337 a 4500 |
| 001 |
17595 |
| 003 |
BD-DhAAL |
| 005 |
20140702113546.0 |
| 008 |
140702s1996 enkab b 001 0 eng |
| 010 |
|
|
|a 96000425
|
| 020 |
|
|
|a 0415120268 (cloth)
|
| 020 |
|
|
|a 0415120276 (pbk.)
|
| 040 |
|
|
|a DLC
|c DLC
|d DLC
|d BD-DhAAL
|
| 050 |
0 |
0 |
|a HQ1233
|b .F48 1996
|
| 082 |
0 |
0 |
|a 305.42/01
|2 20
|
| 245 |
0 |
0 |
|a Feminist political ecology :
|b global issues and local experiences /
|c edited by Dianne Rocheleau, Barbara Thomas-Slayter, and Esther Wangari.
|
| 260 |
|
|
|a London ;
|a New York :
|b Routledge,
|c 1996.
|
| 300 |
|
|
|a xviii, 327 p. :
|b ill., map ;
|c 24 cm.
|
| 490 |
|
0 |
|a International studies of women and place
|
| 504 |
|
|
|a Includes bibliographical references and index.
|
| 541 |
|
|
|e 17595
|
| 650 |
|
0 |
|a Ecofeminism
|x Political aspects.
|9 4805
|
| 650 |
|
0 |
|a Political ecology.
|9 5252
|
| 650 |
|
0 |
|a Feminist theory.
|9 5253
|
| 700 |
1 |
|
|a Rocheleau, Dianne E.
|9 5254
|
| 700 |
2 |
|
|a Thomas-Slayter, Barbara P.
|9 5255
|
| 700 |
1 |
|
|a Wangari, Esther.
|9 5256
|
| 856 |
4 |
2 |
|3 Publisher description
|u http://www.loc.gov/catdir/enhancements/fy0649/96000425-d.html
|
| 942 |
|
|
|2 ddc
|c BK
|
| 999 |
|
|
|c 32826
|d 32826
|
| 952 |
|
|
|0 0
|1 0
|2 ddc
|4 0
|6 305_420100000000000_FEM
|7 0
|9 42877
|a BRACUL
|b BRACUL
|c GEN
|d 2014-07-02
|l 0
|o 305.4201 FEM
|p 3010017595
|r 2014-07-02
|t 1
|w 2014-07-02
|y BK
|x Transferred from ENH to Ayesha Abed library on 20/12/2023
|